000 00312nam a22001217a 4500
020 _a9780141377094
040 _cNUST
082 _a823-CH
_bKIN
100 _aKinney, Jeff
_99286
245 _a Old School Diary Of A Wimpy Kid
260 _aLondon:
_bPuffin Books Penguin Random House,
_c2015.
942 _2ddc
_cBK
999 _c586366
_d586366